Александрийские песни (Запись № 4443885)
[ простой вид ]
| 000 -МАРКЕР | |
|---|---|
| контрольное поле | 01425nam0a2200349 i 4500 |
| 001 - ИДЕНТИФИКАТОР ЗАПИСИ | |
| контрольное поле | RU\NLR\bibl\2020461 |
| 005 - ИДЕНТИФИКАТОР ВЕРСИИ | |
| контрольное поле | 20260406163052.0 |
| 010 ## - МЕЖДУНАРОДНЫЙ СТАНДАРТНЫЙ НОМЕР КНИГИ (ISBN) | |
| Номер (ISBN) | 9785916380415 |
| Тираж | 300 |
| 035 ## - ДРУГИЕ СИСТЕМНЫЕ НОМЕРА | |
| Идентификатор записи | (NLR Aleph) 002008699 |
| 100 ## - ДАННЫЕ ОБЩЕЙ ОБРАБОТКИ | |
| Данные общей обработки | 20130408d2011 u y0rusy50 ca |
| 101 1# - ЯЗЫК РЕСУРСА | |
| Язык текста, звукозаписи и т.д. | русский |
| -- | немецкий |
| 102 ## - СТРАНА ПУБЛИКАЦИИ ИЛИ ПРОИЗВОДСТВА | |
| Страна публикации | Российская Федерация |
| 105 ## - ПОЛЕ КОДИРОВАННЫХ ДАННЫХ: ТЕКСТОВЫЕ МАТЕРИАЛЫ, МОНОГРАФИЧЕСКИЕ | |
| Кодированные данные о монографическом текстовом документе | a ||||||||| |
| 200 1# - ЗАГЛАВИЕ И СВЕДЕНИЯ ОБ ОТВЕТСТВЕННОСТИ | |
| Основное заглавие | Александрийские песни |
| Параллельное заглавие | Alexandrische Gesänge |
| Первые сведения об ответственности | Михаил Кузмин |
| Последующие сведения об ответственности | [пер. на нем. яз.: А. Элиасберг |
| -- | предисл.: Лакманн А. |
| -- | худож.: А. Маевский] |
| Язык параллельного заглавия | немецкий |
| 210 ## - ПУБЛИКАЦИЯ, РАСПРОСТРАНЕНИЕ И ДР. | |
| Место издания, распространения и т.д. | Санкт-Петербург |
| Имя издателя, распространителя и т. д. | Знакъ |
| Дата издания, распространения и т.д. | 2011 |
| 215 ## - ФИЗИЧЕСКАЯ ХАРАКТЕРИСТИКА | |
| Специфическое обозначение материала и объем | 107 с. |
| Другие сведения о физической характеристике | ил. |
| Размеры | 10 |
| 300 ## - ОБЩИЕ ПРИМЕЧАНИЯ | |
| Текст примечания | Авт. также на нем. яз.: M. Kusmin |
| 300 ## - ОБЩИЕ ПРИМЕЧАНИЯ | |
| Текст примечания | Текст парал. на рус. и нем. яз. |
| 510 1# - ПАРАЛЛЕЛЬНОЕ ЗАГЛАВИЕ | |
| Связь между полями | z20790 |
| Параллельное заглавие | Alexandrische Gesänge |
| Язык заглавия | немецкий |
| 686 ## - ИНДЕКСЫ ДРУГИХ КЛАССИФИКАЦИЙ | |
| Индекс | Ш6(2=Р)53-5 |
| 686 ## - ИНДЕКСЫ ДРУГИХ КЛАССИФИКАЦИЙ | |
| Индекс | Ш6(2=Р)57нем. |
| 700 #1 - ИМЯ ЛИЦА - ПЕРВИЧНАЯ ОТВЕТСТВЕННОСТЬ | |
| Код отношения | Автор |
| Материалы, к которым относится поле | rus |
| Графика поля | Кириллица |
| Начальный элемент ввода | Кузмин |
| Часть имени, кроме начального элемента ввода | М. А. |
| Дополнения к именам, кроме дат | поэт |
| Даты | 1872-1936 |
| Расширение инициалов личного имени | Михаил Алексеевич |
| Идентификатор авторитетной/нормативной записи | RU\NLR\auth\779851 |
| Системный номер авторитетной/нормативной записи | 119650 |
| 702 #1 - ИМЯ ЛИЦА - ВТОРИЧНАЯ ОТВЕТСТВЕННОСТЬ | |
| Начальный элемент ввода | Элиасберг |
| Часть имени, кроме начального элемента ввода | А. |
| Код отношения | Переводчик |
| 702 #1 - ИМЯ ЛИЦА - ВТОРИЧНАЯ ОТВЕТСТВЕННОСТЬ | |
| Начальный элемент ввода | Маевский |
| Часть имени, кроме начального элемента ввода | А. |
| Код отношения | Карикатурист, Художник |
| 790 #1 - ИМЯ ЛИЦА - АЛЬТЕРНАТИВНАЯ ФОРМА | |
| Код отношения | Автор |
| Материалы, к которым относится поле | rus |
| Графика поля | Латинская |
| Начальный элемент ввода | Kuzmin |
| Часть имени, кроме начального элемента ввода | M. A. |
| Дополнения к именам, кроме дат | поэт |
| Даты | 1872-1936 |
| Расширение инициалов личного имени | Michail Alekseevič |
| Идентификатор авторитетной/нормативной записи | RU\NLR\auth\7723146 |
| Системный номер авторитетной/нормативной записи | 6200 |
| 801 #0 - ИСТОЧНИК ЗАПИСИ | |
| Страна | Российская Федерация |
| Организация | NLR |
| Дата составления | 20130408 |
| Правила каталогизации | RCR |
| 801 #1 - ИСТОЧНИК ЗАПИСИ | |
| Страна | Российская Федерация |
| Организация | NLR |
| Дата составления | 20130408 |
| 942 ## - ДОПОЛНИТЕЛЬНЫЕ ЭЛЕМЕНТЫ ЗАПИСИ (АБИС) | |
| Тип экземпляра АБИС | Книга |
| 980 ## - КОЛЛЕКЦИЯ | |
| Название коллекции | НБР |
Нет доступных экземпляров.